000 00964cam a2200265 a 4500
005 20161129072543.0
008 161129s2011 enka fr 001 0 eng d
010 _a2010924630
020 _a9780415454933
040 _aCO-BoUCM
_cSandra Palacio
_dSandra Palacio
041 0 _aeng
100 1 _aBhaskar, Roy
_d1944-
_982292
245 1 0 _aReclaiming reality
_ba critical introduction to contemporary philosophy
_cRoy Bhaskar ; con nueva introducción por Mervyn Hartwig
260 _aLondres (Inglaterra)
_bRoutledge
_c2011
300 _axvii, 218 páginas
_bilustraciones
504 _aIncluye referencias bibliográficas e índices
650 1 7 _923119
_aRealismo
_xFilosofía
650 2 7 _920750
_aOntología
650 2 7 _923022
_aRacionalismo
650 2 7 _9403
_aTeoría del conocimiento
690 _aFilosofía
_975
700 1 _aHartwig, Mervyn
_982294
942 _cLIBRORESER
_2DEWEY
_a2
_e1
_h149.2
_mB575r
999 _c305283
_d305283